Marvel - quiz général - Statistiques

Statistiques générales
  • Ce quiz a été pris 354 fois
  • Le résultat moyen est 8 sur 21
Statistiques - réponses
Description Personnage % Correct
Equipe que ceux-ci constituent X-Men
84%
Les plus puissants héros de la Terre Les Avengers
82%
Chef de cette équipe Charles Xavier
69%
MCU : Emplacement de la pierre de l'âme Vormir
62%
MCU : Pierre récupérée par Thanos sur Titan Pierre du Temps
61%
Groupe de personnes possédant le génome X Mutants
52%
Eternel inspiré du mythe grec de celui s'étant approchétrop près du soleil Ikaris
47%
Observe les univers sans y interférer Uatu / Le Gardien / Watcher
45%
Héros le plus connu des cohortes de Nova Nova
41%
Entités ayant créé les Eternels et les Déviants Les Célestes
40%
Race mutante surhumaine à laquelle appartient par exemple Medusa Inhumains
36%
Groupe constitué des différents leaders dela Terre Illuminatis
34%
Frère de Thanos Eros / Starfox
33%
Personne qui s'est emparée du corps de Peter Parkerpour devenir le Superior Spider-Man Otto Octavius / Dr Octopus
30%
Nom de héros de Miguel O'Hara Spider-Man 2099
27%
Ville créée dans la tête décapitée d'un Céleste Knowhere
24%
Love interest de Deadpool La Mort
21%
Comics : Possesseur de la pierre de l'âme Adam Warlock
20%
Identité de ce héros Richard Rider
10%
Fille de Drax le Destructeur dans les comics Dragon-Lune / Moondragon
7%
Compagne de Hulk sur Sakaar Caiera
4%
Aucun quiz correspondant
Distribution des résultats
% des personnes avec chaque résultat
Percentile par nombre de réponses
Votre historique - résultats
Vous n’avez pas pris ce quiz